000 00364nam a2200133 i 4500
001 bg
100 1 _aTREMBECKI, Stefan Adam
245 0 _aWykorzystanie majątku trwałego w procesie produkcji przemysłowej /
_cStefan Adam Trembecki.
260 _aWarszawa,
_c1980.
040 _cBPK
041 _apol
942 _cKS
008 s pl f |000 0 pol
999 _c19376
_d19376
856 _uhttp://koha.tu.koszalin.pl/cgi-bin/koha/opac-detail.pl?biblionumber=19376
_yKatalog online BPK